[Event "SVK Extraliga 2019-20"]
[Site "Slovakia"]
[Date "2020.02.29"]
[Round "7.2"]
[White "Roubalik, Jakub"]
[Black "Vovk, Yuri"]
[Result "0-1"]
[WhiteElo "2402"]
[BlackElo "2566"]
[Annotator "TA"]
[PlyCount "128"]
[EventDate "2019.10.19"]
[EventType "team-tourn"]
[EventCountry "SVK"]
[SourceTitle "playchess.com"]
[Source "ChessBase"]
[SourceQuality "1"]
[WhiteTeam "Dubnica"]
[BlackTeam "Kosice"]

{[%evp 14,128,0,6,12,-20,-33,-77,-72,-67,-28,-41,-27,-30,-32,-34,0,-58,108,114,115,114,92,102,152,158,156,160,141,149,154,99,103,103,95,99,96,105,117,102,98,79,128,128,118,109,122,114,141,83,85,18,37,0,17,8,11,-8,43,51,204,74,70,67,67,67,81,-155,-160,-164,-182,-146,-120,-102,-86,-81,-78,-75,-85,-87,-70,-67,-76,-237,-186,-391,-257,-238,-85,-95,-8,-8,0,0,0,0,0,0,0,-8,0,-8,-8,-62,-49,-193,-177,-567,-564,-518,-541,-692,-655,-1700,-2321,-2364,-1837]} 1. d4 Nf6 2. c4 e6 3. Nf3 d5 4. Nc3 c6 5. Bg5 Nbd7 6. e3 Qa5 7. Qc2 Ne4 8. cxd5 {The main line 8.cxd5 scores better than 8.Bf4.} Bb4 {[%cal Re4c3] D52: Queen's Gambit Declined: Cambridge Springs Variation.} 9. Rc1 exd5 10. a3 Bxc3+ $1 {Black is better.} 11. bxc3 Qxa3 12. Bh4 O-O 13. Bd3 {[#]} Re8 $146 ({Predecessor:} 13... Ndf6 14. O-O Re8 15. Ne5 Nd7 16. Nxd7 Bxd7 17. Rfe1 h6 18. f3 Ng5 19. Bxg5 hxg5 {0-1 (44) Voigt,A-Schumer,N Schwarzburg 1997}) 14. O-O Nf8 15. Nd2 (15. Ra1 $11 Qd6 16. Bxe4 dxe4 17. Nd2) 15... Bf5 $2 (15... Nxd2 $15 {keeps the upper hand.} 16. Qxd2 a5) 16. Nb1 $1 $16 {[%cal Rb1a3]} Qd6 17. f3 Qh6 18. fxe4 dxe4 19. Bc4 Qxe3+ 20. Kh1 Be6 21. Bxe6 Rxe6 22. Rce1 (22. Na3 $142) 22... Qd3 23. Qxd3 exd3 24. Rd1 Ng6 25. Bg3 Re3 26. Bf2 Re2 27. Rxd3 Rae8 28. Rd2 a5 29. Bg3 f6 30. c4 a4 31. Rxe2 (31. Kg1 $142 $1) 31... Rxe2 32. d5 ({Better is} 32. Rc1 $16) 32... Rc2 33. d6 {Strongly threatening d7.} Rxc4 34. Rd1 Nf8 35. h3 ({Of course not} 35. Na3 Rc3 $17) 35... Nd7 (35... f5 $11) 36. Re1 $1 $14 Nc5 $2 ({Black should play} 36... Rb4 $14) 37. Nd2 (37. Bf2 $18 Kf7 38. Re7+ Kf8 39. Rc7) 37... Rd4 $16 38. Bf2 Rxd6 39. Re8+ Kf7 40. Rf8+ $2 (40. Bxc5 $16 {Threatens to win with Rf8+.} Rxd2 41. Re7+ {[%mdl 64] Double Attack} Kg6 42. Rxb7) 40... Kg6 $1 $17 ({Stronger than} 40... Kxf8 41. Bxc5 Ke7 42. Nc4 $14) 41. Nf3 Ne4 42. Be3 {White wants to play Nh4+.} Ng3+ 43. Kg1 Nf5 44. Bf4 Rd3 45. Kf2 {Threatening g4.} h5 46. g4 hxg4 47. hxg4 Nd4 48. Nh4+ (48. Nxd4 $17 Rxd4 49. Ke3) 48... Kh7 $19 {And now ...g5 would win.} 49. Rd8 $2 (49. Bc1 {was worth a try.}) 49... a3 50. Be3 {[#]} c5 $2 (50... a2 $1 $19 {[%cal Ra2a1] is more deadly.} 51. Rxd4 Ra3) 51. Nf5 $17 {[%cal Re3d4]} a2 (51... g6 $17 52. Nxd4 a2) 52. Ra8 $11 Nxf5 53. gxf5 {[%mdl 4096] Endgame KRB-KR} Rd5 54. Rxa2 Rxf5+ 55. Ke2 b5 56. Kd3 Rd5+ 57. Kc3 g5 58. Ra7+ (58. Rb2 $11) 58... Kg6 $15 {...f5 is the strong threat.} 59. Rc7 (59. Ra6 $1 $15) 59... c4 $19 {Hoping for ...Rd3+.} 60. Bd4 $2 {[#]} (60. Kb4 {is more resistant.}) 60... f5 $1 {[%cal Rf5f4] Black is clearly winning.} 61. Rg7+ Kh5 62. Bf6 f4 63. Be7 f3 64. Kb4 Rf5 {What a fight! Accuracy: White = 51%, Black = 63%.} 0-1

[Event "SVK Extraliga 2019-20"]
[Site "Slovakia"]
[Date "2020.02.29"]
[Round "7.2"]
[White "Rohacek, Miroslav"]
[Black "Kociscak, Jiri"]
[Result "0-1"]
[WhiteElo "2208"]
[BlackElo "2488"]
[Annotator "TA"]
[PlyCount "74"]
[EventDate "2019.10.19"]
[EventType "team-tourn"]
[EventCountry "SVK"]
[SourceTitle "playchess.com"]
[Source "ChessBase"]
[SourceQuality "1"]
[WhiteTeam "Bratislava"]
[BlackTeam "Zilina"]

{[%evp 9,74,21,20,16,15,15,15,18,17,15,25,10,13,25,33,13,11,12,18,18,19,-25,-22,-8,-17,-16,0,-16,-11,-66,-63,-31,-18,-60,-27,-25,-18,-12,-10,-29,-16,-42,0,-39,-39,-49,-72,-47,-57,-344,-339,-344,-344,-247,-341,-332,-343,-326,-300,-310,-296,-683,-676,-742,-518,-743,-725]} 1. e4 e5 2. Nf3 Nc6 3. Nc3 Nf6 4. Bb5 Bd6 5. d3 h6 6. a3 {C48: Four Knights: 4 Bb5, replies other than 4...Bb4.} O-O 7. O-O Re8 8. Be3 {The position is equal. is currently scoring better than 8.h3.} Bf8 9. Bc4 d6 10. h3 Be6 11. Bxe6 fxe6 12. d4 exd4 13. Nxd4 {[#]} Nxd4 $146 ({Predecessor:} 13... Qd7 14. Nxc6 bxc6 15. Qd3 Reb8 16. b3 a5 17. Rad1 Qe8 18. Bc1 Rd8 19. f4 Kh8 {1-0 (54) Szamoskozi,G (2335)-Pinter,J (2546) Hungary 2015}) 14. Qxd4 d5 {aiming for ...e5.} 15. exd5 exd5 {...c5 is the strong threat.} 16. Rad1 {[%cal Rc3d5]} c5 17. Qd3 {[%cal Rc3d5]} d4 {[%mdl 64] Double Attack} 18. Qc4+ Kh8 19. Bf4 (19. Bc1 $11) 19... Qb6 $15 20. Ne2 $1 Rad8 21. Ng3 Nd5 22. Bc1 Qe6 23. Bd2 Qc6 24. Rfe1 b5 25. Qd3 c4 (25... Ne3 $5 26. Bxe3 dxe3 $15) 26. Qxd4 {And now Rxe8 would win.} Bc5 $40 {[%mdl 128] Black is up to no good.} 27. Rxe8+ Rxe8 28. Qg4 {Hoping for Nf5.} Bxf2+ $1 29. Kh1 $2 {[%mdl 8192] This costs White the game.} ({Better is} 29. Kh2 $1 $15) 29... Nf6 $19 30. Qg6 {[#] Black must now prevent Nh5.} Bxg3 $1 31. Qxg3 Rd8 32. Qf3 Qd5 33. Kh2 Rd7 34. Qe3 {[#]} a5 $1 {[%mdl 512]} 35. b4 $2 (35. Qe1) (35. Bxa5 Qxd1) 35... axb4 {Black is clearly winning.} 36. axb4 Qd4 37. Qf3 c3 {[%mdl 64] Discovered Attack. Accuracy: White = 60%, Black = 92%.} 0-1

[Event "SVK Extraliga 2019-20"]
[Site "Slovakia"]
[Date "2020.02.29"]
[Round "7.3"]
[White "Markos, Jan"]
[Black "Jablonicky, Martin"]
[Result "1/2-1/2"]
[WhiteElo "2569"]
[BlackElo "2273"]
[Annotator "TA"]
[PlyCount "85"]
[EventDate "2019.10.19"]
[EventType "team-tourn"]
[EventCountry "SVK"]
[SourceTitle "playchess.com"]
[Source "ChessBase"]
[SourceQuality "1"]
[WhiteTeam "Snina"]
[BlackTeam "Modra"]

{[%evp 16,85,19,27,23,21,30,-15,70,46,43,22,19,12,28,28,8,16,28,18,39,41,41,41,38,28,44,48,43,39,121,106,98,112,100,52,97,55,112,76,125,57,52,66,31,7,10,8,0,16,25,-44,0,0,0,0,25,0,0,0,0,-64,-26,-47,0,-93,-91,-84,-88,-82,-82,-87]} 1. d4 Nf6 2. c4 g6 3. Nc3 Bg7 4. e4 d6 5. Nf3 O-O 6. Be2 e5 7. d5 a5 8. Bg5 h6 9. Be3 Ng4 {E92: King's Indian: Classical: 6 Be2 e5: 7 dxe5, 7 Be3 and Petrosian System without 7...Nbd7.} 10. Bd2 f5 11. exf5 gxf5 (11... Bxf5 $11 12. g3 e4) 12. h3 Nf6 13. Qc1 f4 14. g3 e4 15. Nh4 {[#]} e3 $1 {[%cal Re3d2][%mdl 512]} 16. fxe3 fxg3 17. Ng6 $36 {[%mdl 2048] White is pushing.} g2 18. Rg1 Bxh3 19. Nxf8 Qxf8 20. Qc2 $1 ({Avoid the trap} 20. Bf3 $2 Ng4 $19) 20... Ng4 21. O-O-O Nf2 22. Qg6 Nxd1 (22... Nd7 $14) 23. Nxd1 Nd7 24. Qg3 (24. Qh5 $6 Qf5 $11) 24... Bf5 25. Rxg2 {[#] And now Bc3 would win.} Ne5 $146 ({Predecessor:} 25... Be4 26. Rg1 Ne5 27. Bc3 Kh8 28. Qh4 Bh7 29. Rf1 Qe8 30. Rg1 Qf7 31. Qf4 Qe7 32. Nf2 Rf8 33. Qg3 Bf6 34. Qh2 Nf3 35. Bxf3 Qxe3+ 36. Bd2 Bxb2+ {0-1 (36) Khenkin,I (2575)-Henrich,T (2212) Bad Homburg 2016}) 26. Bc3 {Black must now prevent Bxe5.} Kh8 (26... Be4 $14) 27. Rf2 $16 {e4! is the strong threat.} Qf7 {[#]} 28. Qf4 (28. Bxe5 $1 $16 Bxe5 29. Qf3) 28... Rf8 $14 29. e4 ({Reject} 29. Bxa5 Qg6 $11) 29... Bg6 30. Bxe5 dxe5 31. Qh4 Qe8 32. Rg2 Kh7 33. Nf2 (33. Nc3 $11) 33... Qf7 34. Nd3 Bf6 35. Qg4 h5 36. Qh3 Bg7 37. Rf2 Qe7 38. Rxf8 ({White should play} 38. Rh2 $1 $11) 38... Bxf8 39. Kc2 h4 40. Bg4 (40. Bf3 $11 {remains equal.}) 40... Bxe4 $17 {Hoping for ...Qf6.Black is better.} 41. Bf5+ Bxf5 42. Qxf5+ {[%mdl 64] [#] Double Attack} Kh6 $1 43. Kd1 {Accuracy: White = 70%, Black = 68%.} 1/2-1/2

[Event "SVK Extraliga 2019-20"]
[Site "Slovakia"]
[Date "2020.02.29"]
[Round "7.3"]
[White "Vetoshko, Volodymyr"]
[Black "Motuz, Karol"]
[Result "1-0"]
[WhiteElo "2503"]
[BlackElo "2366"]
[Annotator "TA"]
[PlyCount "81"]
[EventDate "2019.10.19"]
[EventType "team-tourn"]
[EventCountry "SVK"]
[SourceTitle "playchess.com"]
[Source "ChessBase"]
[SourceQuality "1"]
[WhiteTeam "Kosice"]
[BlackTeam "Dubnica"]

{[%evp 17,81,-12,0,-31,-31,-38,-31,-37,-25,-24,-24,-26,-30,-27,-21,-21,-19,-17,-8,-25,-22,-36,-15,-16,14,-20,0,0,0,-10,0,0,0,0,0,0,0,0,0,0,0,0,0,0,0,0,20,0,56,53,51,54,384,420,431,412,396,396,395,395,483,482,835,835,29986,29982]} 1. c4 e6 2. Nc3 d5 3. d4 Nf6 4. cxd5 exd5 5. Bg5 Be7 6. e3 c6 7. Bd3 Nbd7 8. Qc2 h6 9. Bf4 Nh5 10. Bg3 {D36: Queen's Gambit Declined: Exchange Variation: Main line (5 Bg5 c6 6 Qc2).} Nxg3 11. hxg3 Nf6 12. Nf3 {Black is slightly better.} Be6 13. O-O O-O 14. Rab1 Bd6 15. b4 {[#]} Qe7 $146 ({Predecessor:} 15... Rc8 16. Qb2 Qe7 17. Rfe1 Rfe8 18. b5 c5 19. dxc5 Bxc5 20. Nd4 Ng4 21. Nce2 Qf6 {½-½ (31) Phan,A-Le Hien,T Vung Tau 2000}) 16. b5 c5 17. dxc5 Bxc5 18. Ne2 Rac8 19. Qa4 Bb6 20. Nfd4 Ne4 21. Rfc1 (21. Bxe4 $5 dxe4 22. Nxe6 Qxe6 23. Nf4 $11) 21... Qf6 22. Bxe4 $1 dxe4 23. Rc2 Bd7 24. Rbc1 Qe5 25. Qb4 Rxc2 26. Rxc2 Rc8 27. Rxc8+ Bxc8 28. Nc3 Bd7 29. a4 g6 30. Nde2 f5 31. Nf4 Be8 32. Ncd5 Bf7 (32... Bd8 $1 $11) 33. Nxb6 $14 axb6 34. Qa3 Qc5 $2 {[%mdl 8192] Loses the game.} ({Black should try} 34... Qc7 $14) 35. Qxc5 $18 bxc5 {[%mdl 4096] Endgame KB-KN} 36. a5 {[%cal Ba4a5,Ba5a6,Ba6b7][%mdl 32] And now a6 would win.} Be8 37. b6 {Threatens to win with a6!} ({Less strong is} 37. a6 bxa6 38. b6 (38. bxa6 Kf7 $11) 38... Bc6 $18) 37... Bb5 {[#] intending ...Kf7.} 38. Ne6 $1 c4 {[#]} 39. Kf1 $1 {[%cal Rf1e1]} Bd7 {[#]} (39... c3+ $142 40. Ke1 Bc6) 40. a6 $1 {[%mdl 512]} c3 (40... bxa6 41. b7) 41. axb7 {Accuracy: White = 93%, Black = 66%.} 1-0

[Event "SVK Extraliga 2019-20"]
[Site "Slovakia"]
[Date "2020.02.29"]
[Round "7.3"]
[White "Antoniewski, Rafal"]
[Black "Antal, Gergely"]
[Result "0-1"]
[WhiteElo "2496"]
[BlackElo "2562"]
[Annotator "TA"]
[PlyCount "80"]
[EventDate "2019.10.19"]
[EventType "team-tourn"]
[EventCountry "SVK"]
[SourceTitle "playchess.com"]
[Source "ChessBase"]
[SourceQuality "1"]
[WhiteTeam "Dunajov"]
[BlackTeam "Slovan"]

{[%evp 21,80,0,0,0,0,-3,0,0,0,0,17,14,51,0,0,0,0,-32,-32,-31,-24,-34,-32,-25,-20,-41,-41,-33,-27,-39,-24,-31,-24,-47,-47,-47,-47,-124,-121,-121,-119,-127,-84,-235,-241,-232,-240,-232,-230,-319,-306,-467,-349,-375,-348,-492,-430,-29989,-952,-29992,-29993]} 1. d4 Nf6 2. c4 g6 3. g3 c6 4. Bg2 d5 5. cxd5 cxd5 6. Nf3 Bg7 7. Ne5 O-O 8. O-O Ng4 9. Nxg4 Bxg4 10. Nc3 Nc6 11. h3 Be6 12. Be3 {D79: Fianchetto Grünfeld: Symmetrical Variation (6 0-0 c6 7 cxd5 cxd5).} Rc8 13. Rc1 Qd7 14. Kh2 {The position is equal.} Rfd8 15. Qd2 b6 16. Rfd1 {[#]} f5 $146 ({Predecessor:} 16... Qb7 17. f3 Rc7 18. Bf4 Rcd7 19. e3 f6 20. g4 Bf7 21. Bg3 e5 22. dxe5 fxe5 {0-1 (36) Drkulec,V (1860)-Fan,R (1868) Windsor 2016}) 17. f4 (17. Bh6 $14) 17... Na5 {[%cal Bc6a5,Ba5b7,Bb7d6,Bd6e4][%mdl 32] aiming for ...Nc4.} 18. b3 Bf7 19. Qd3 e6 20. Nb1 Be8 21. Rxc8 Rxc8 22. Rc1 Nb7 23. Rxc8 Qxc8 24. Nc3 Nd6 25. Bd2 Ne4 26. Be1 Bf8 27. Nxe4 dxe4 28. Qd1 Ba3 29. g4 {[#]} (29. Bd2 $15) 29... Qc1 $1 $17 {[%cal Rc1d1]} 30. Qd2 Bb5 31. Bf1 Qc7 32. Bg3 $2 {White does not recover from this.} (32. d5 $17 {is a better defense.}) 32... Bc1 $19 33. Qb4 Bxf4 34. Qxb5 Bxg3+ 35. Kh1 Kg7 36. Qe8 (36. g5 {might work better.}) 36... Qd6 37. e3 Bf2 38. Bc4 (38. Qb5 {was called for.}) 38... Bxe3 {White must now prevent ...Qb4.} 39. Bxe6 (39. Qxe6 $19 Qxe6 40. Bxe6) 39... Kh6 (39... Qb4 $142 40. Qg8+ Kh6 41. g5+ {[%mdl 64] Decoy} Kxg5 42. h4+ Kf4 43. Kg2 Qd2+ 44. Kh3 Qf2 45. Qb8+ {[#]} Kf3 $1 {[%mdl 512]} 46. Qf4+ Bxf4 47. Bg8 Qh2#) 40. d5 Qb4 {Accuracy: White = 48%, Black = 82%.} 0-1

[Event "SVK Extraliga 2019-20"]
[Site "Slovakia"]
[Date "2020.02.29"]
[Round "7.3"]
[White "Bernasek, Jan"]
[Black "Kralovic, Andrej"]
[Result "1-0"]
[WhiteElo "2494"]
[BlackElo "2232"]
[Annotator "TA"]
[PlyCount "105"]
[EventDate "2019.10.19"]
[EventType "team-tourn"]
[EventCountry "SVK"]
[SourceTitle "playchess.com"]
[Source "ChessBase"]
[SourceQuality "1"]
[WhiteTeam "Zilina"]
[BlackTeam "Bratislava"]

{[%evp 11,105,22,22,19,28,18,23,26,26,27,29,15,31,31,39,0,5,2,67,79,64,61,88,71,97,68,87,75,107,104,152,64,113,87,82,85,136,141,152,150,171,164,282,289,273,272,284,280,256,216,216,216,228,221,220,214,260,252,262,256,255,251,262,276,260,255,258,245,251,251,262,256,254,254,369,370,469,401,617,596,1731,718,1240,837,817,712,1334,908,29979,29980,29979,29980,29975,11077,29993,334]} 1. e4 e5 2. Bc4 Nc6 3. Nf3 Bc5 4. c3 Nf6 5. d3 a6 6. O-O Ba7 7. a4 {C54: Giuoco Piano: 4 c3 Nf6, main lines with 5 d4 and 5 d3.} d6 8. Nbd2 {[%cal Bb1d2,Bd2f1,Bf1g3][%mdl 32]} h6 9. Re1 {White has an edge.} O-O 10. Nf1 Ne7 {10...Re8 is the modern continuation.} 11. Bb3 Ng6 12. Ng3 Be6 13. Bc2 Re8 14. h3 {[#]} Qd7 $146 (14... c5 $11) ({Predecessor:} 14... c6 15. d4 Qc7 16. Be3 a5 17. Qd2 Rad8 18. Rad1 Bb8 19. Qc1 Kh7 20. Qb1 Qc8 {½-½ (31) Gantar,J (2135)-Mencinger,V (2332) Slovenia 2019}) 15. d4 $1 $14 c6 16. Be3 Qc7 17. Qd2 Kh7 18. Rad1 b5 19. Nf5 Ng8 20. h4 Rad8 21. g4 (21. h5 $16 N6e7 22. dxe5 dxe5 23. Nd6) 21... f6 22. axb5 axb5 23. Ra1 {Hoping for Rxa7!} c5 (23... Bb6 $142) 24. d5 $16 Bd7 25. g5 {[%cal Rg5h6]} Bxf5 26. exf5 Nf4 (26... N6e7 $142 27. Ra6 Bb6) 27. Bxf4 $18 exf4 28. Re6 ({Much less strong is} 28. Qxf4 $6 Rxe1+ 29. Rxe1 Qb7 $18) 28... c4 29. Rae1 ({Don't play} 29. Qxf4 Rf8 $18) 29... Rf8 30. Nd4 Bxd4 31. Qxd4 ({Resist} 31. cxd4 $6 Ra8) 31... f3 32. Qf4 Kh8 33. Be4 Rd7 34. Bxf3 Qd8 {[%cal Rf6g5]} 35. gxh6 Nxh6 36. Bh5 {aiming for Re8.} Qc7 37. Bg6 Qc5 38. Qf3 b4 39. Re8 Rd8 40. R8e7 bxc3 41. bxc3 Ra8 42. Kg2 Ra5 (42... Qb5 $142 43. R7e2 Qa5) 43. R1e6 Ra2 44. Rd7 Ng4 (44... Rd2 $142 45. Rexd6 Ng4) 45. Kg3 Nh6 {Now ...Rd2 and Black clings on.} 46. Rexd6 (46. Ree7 $142) 46... Rg8 47. Qe3 Qxe3+ 48. fxe3 Ra3 49. Rd8 Rxc3 50. Rxg8+ Nxg8 51. Rd8 Rxe3+ 52. Kf4 c3 {[#]} 53. Rxg8+ $1 {[%mdl 512] Accuracy: White = 78%, Black = 49%.} 1-0

[Event "SVK Extraliga 2019-20"]
[Site "Slovakia"]
[Date "2020.02.29"]
[Round "7.3"]
[White "Leniart, Arkadiusz"]
[Black "Bagi, Mate"]
[Result "1/2-1/2"]
[WhiteElo "2484"]
[BlackElo "2486"]
[Annotator "TA"]
[PlyCount "45"]
[EventDate "2019.10.19"]
[EventType "team-tourn"]
[EventCountry "SVK"]
[SourceTitle "playchess.com"]
[Source "ChessBase"]
[SourceQuality "1"]
[WhiteTeam "Prakovce"]
[BlackTeam "Streda"]

{[%evp 13,45,25,21,0,3,12,23,22,30,25,14,22,32,14,25,23,15,20,81,0,0,0,0,0,0,0,0,0,0,0,0,0,0,0]} 1. d4 Nf6 2. c4 g6 3. Nc3 d5 4. Bg5 Ne4 5. Bh4 Nxc3 6. bxc3 dxc4 7. e3 Be6 8. Be2 {D80: Grünfeld: Unusual White 4th moves and 4 Bg5.} Bg7 9. Nh3 O-O 10. Nf4 {White has an edge.} Bf5 11. Bxc4 c5 12. O-O Nc6 13. Qe2 cxd4 14. cxd4 {[#]} Qd6 $146 ({Predecessor:} 14... Rc8 15. Rac1 Qd6 16. Bg3 Qa3 17. Rcd1 Na5 18. Bd3 Bxd3 19. Rxd3 Qa4 20. Rd2 Rfd8 {½-½ (72) Moradiabadi,E (2532)-Dominguez Perez,L (2719) Khanty-Mansiysk 2011}) 15. Bg3 {Black must now prevent Ne6.} e5 {[#]} (15... Qa3 $11) 16. Nd3 (16. dxe5 $1 $16 Nxe5 17. Bb3) 16... Qe7 $11 {The position is equal.} 17. Nxe5 Nxe5 18. dxe5 Bxe5 19. Rad1 Rad8 20. e4 Bxg3 21. exf5 Qxe2 22. Bxe2 Be5 23. fxg6 {Accuracy: White = 91%, Black = 87%.} 1/2-1/2

[Event "SVK Extraliga 2019-20"]
[Site "Slovakia"]
[Date "2020.02.29"]
[Round "7.3"]
[White "Hausner, Ivan"]
[Black "Mihok, Oliver"]
[Result "1/2-1/2"]
[WhiteElo "2349"]
[BlackElo "2558"]
[Annotator "TA"]
[PlyCount "71"]
[EventDate "2019.10.19"]
[EventType "team-tourn"]
[EventCountry "SVK"]
[SourceTitle "playchess.com"]
[Source "ChessBase"]
[SourceQuality "1"]
[WhiteTeam "Liptovska"]
[BlackTeam "Podhajska"]

{[%evp 16,71,40,40,44,33,45,8,0,1,4,5,7,0,0,0,0,0,0,-2,0,-21,-15,-36,0,-6,0,0,0,0,0,0,0,5,0,0,19,13,11,0,0,10,26,0,0,0,0,0,0,0,32,20,33,0,0,0,0,0]} 1. d4 g6 2. e4 Bg7 3. Nc3 Nc6 4. Nf3 d6 5. d5 Nb8 6. h3 Nf6 7. Be2 O-O 8. O-O c6 9. Re1 {9.a4 is the modern continuation. Played by Yangyi Yu in December 2019.} b5 {[%cal Bb7b5,Bb5b4][%mdl 32] B08: Pirc Defence: Classical System.} 10. dxc6 {[#] Black must now prevent e5.} b4 {[#]} 11. c7 $146 ({Predecessor:} 11. Nd5 Nxc6 12. Bb5 Bd7 13. Bg5 Rb8 14. Qe2 Re8 15. c4 {½-½ (15) Aghamaliyev,C (2516)-Darban,M (2404) Kish 2005}) 11... Qxc7 12. Nd5 Nxd5 13. exd5 Bb7 14. a3 a5 {[%cal Ba7a5,Ba5b4][%mdl 32]} 15. axb4 axb4 16. Rxa8 Bxa8 17. Bf1 Bf6 18. Re4 Qa5 19. Bd2 Bxd5 20. Rxb4 Qa8 21. c4 Bc6 22. Bh6 Na6 23. Rb6 {[#] aiming for Qa1.} Rb8 24. Rxb8+ Qxb8 25. Nd4 Bd7 26. b3 Nc7 27. Be3 Qb4 28. Ne2 Ne6 29. Nf4 (29. Bd2 $5 {[%cal Rd2b4]} Qb7 30. b4 $11) 29... Nxf4 30. Bxf4 h5 31. Bd2 Bc3 32. Bg5 e6 33. Qf3 {Hoping for Qa8+.} d5 34. cxd5 (34. Be7 $5 {[%cal Re7b4]} Qa5 35. Qf4 $11) 34... exd5 35. Qxd5 Be6 $1 {[%cal Re6d5]} 36. Qb5 {Accuracy: White = 87%, Black = 92%.} 1/2-1/2

[Event "SVK Extraliga 2019-20"]
[Site "Slovakia"]
[Date "2020.02.29"]
[Round "7.4"]
[White "Ftacnik, Lubomir"]
[Black "Jakubiec, Artur"]
[Result "1/2-1/2"]
[WhiteElo "2516"]
[BlackElo "2452"]
[Annotator "TA"]
[PlyCount "65"]
[EventDate "2019.10.19"]
[EventType "team-tourn"]
[EventCountry "SVK"]
[SourceTitle "playchess.com"]
[Source "ChessBase"]
[SourceQuality "1"]
[WhiteTeam "Slovan"]
[BlackTeam "Dunajov"]

{[%evp 21,65,31,22,24,12,0,0,14,14,14,15,0,0,0,0,-12,-11,-7,-6,-7,-7,-13,-23,-10,-4,-25,-21,-31,-21,-32,0,0,0,0,0,0,0,0,0,0,0,0,0,0,0,0]} 1. Nf3 f5 2. d4 Nf6 3. g3 g6 4. Bg2 Bg7 5. b3 O-O 6. Bb2 d6 7. O-O Ne4 8. Nbd2 Nc6 9. c4 e5 10. dxe5 Nxd2 11. Qxd2 dxe5 {White should prevent ...e4.} 12. Qd5+ {A87: Dutch Defence: Leningrad System: 5 Nf3.} Kh8 $1 13. Qc5 {[%cal Rf3e5]} Re8 14. Rad1 Qe7 $1 {[%cal Re7c5]} 15. Qxe7 Rxe7 {[#]} 16. Rd2 $146 ({Predecessor:} 16. Ne1 e4 17. Bxg7+ Kxg7 18. f3 h5 19. fxe4 fxe4 20. Nc2 Bg4 21. Rfe1 a5 22. Ne3 {½-½ (22) Marez,S (2367)-Broniek,M (2428) ICCF email 2017}) 16... a5 17. Rfd1 {[#] Rd8+! is the strong threat.} Re8 $1 18. Ne1 e4 19. Bxg7+ Kxg7 20. Nc2 a4 21. Ne3 axb3 22. axb3 Ra3 23. Rb2 Nb4 24. Nd5 Rd8 25. Rc1 c5 (25... Na6 {feels hotter.} 26. b4 c6 27. Nb6 Be6 28. Bf1 Nc7) 26. f3 {The position is equal.} Nxd5 27. cxd5 Rxd5 28. fxe4 fxe4 29. Bxe4 Re5 30. Bd3 b6 31. b4 Ra7 32. bxc5 bxc5 33. Rbc2 {Not much happened in this game. Accuracy: White = 100%, Black = 94%.} 1/2-1/2

[Event "SVK Extraliga 2019-20"]
[Site "Slovakia"]
[Date "2020.02.29"]
[Round "7.4"]
[White "Horvath, Csaba"]
[Black "Haring, Filip"]
[Result "1-0"]
[WhiteElo "2513"]
[BlackElo "2297"]
[Annotator "TA"]
[PlyCount "57"]
[EventDate "2019.10.19"]
[EventType "team-tourn"]
[EventCountry "SVK"]
[SourceTitle "playchess.com"]
[Source "ChessBase"]
[SourceQuality "1"]
[WhiteTeam "Podhajska"]
[BlackTeam "Liptovska"]

{[%evp 12,57,1,8,33,42,30,0,114,113,104,102,123,121,123,122,131,124,120,121,146,122,162,77,359,355,365,352,531,506,563,547,854,841,1059,1029,878,736,762,757,1015,1012,1003,1008,930,901,828,687]} 1. Nf3 Nf6 2. g3 g6 3. Bg2 Bg7 4. O-O O-O 5. d4 d5 6. Nbd2 c5 7. dxc5 Nc6 {D02: 1 d4 d5 2 Nf3 sidelines, including 2...Nf6 3 g3 and 2...Nf6 3 Bf4.} 8. c3 e5 9. e4 {[#]} d4 $146 (9... Nxe4 $11 10. Nxe4 dxe4) ({Predecessor:} 9... dxe4 10. Ng5 Bg4 11. Qe1 Qd3 12. Ngxe4 Be2 13. Nxf6+ Bxf6 14. Ne4 Bg7 15. Be3 Bxf1 16. Qxf1 Qxf1+ 17. Bxf1 {0-1 (50) Quagliarella,S (1926)-Cani,G (2115) Milan 2011}) 10. cxd4 $16 exd4 11. e5 Nd7 {[#]} 12. Ne4 $1 Ndxe5 13. Bg5 f6 14. Nxe5 Nxe5 15. Bf4 Be6 16. Re1 b6 17. cxb6 (17. b4 $18) 17... Qxb6 $2 {[%mdl 8192] [#] Now Black is done in.} (17... axb6 $16 18. Nxf6+ Qxf6) 18. Nxf6+ $1 $18 {[%mdl 576] Discovered Attack} Bxf6 (18... Rxf6 19. Bxa8) 19. Bxa8 ({Less strong is} 19. Bxe5 Rac8 $14) 19... Nd7 (19... Rxa8 $142 20. Bxe5 Bd5 21. Qxd4 Qxd4 22. Bxd4 Bxd4) 20. Qf3 {Strongly threatening Rxe6!White is clearly winning.} Kg7 21. Rac1 g5 22. Rc6 Qd8 23. Rcxe6 gxf4 24. Bc6 fxg3 25. hxg3 Ne5 26. R1xe5 Bxe5 27. Qg4+ Kh8 28. Rxe5 d3 29. Rd5 {Accuracy: White = 84%, Black = 24%.} 1-0